=LDR 00000nam 2200000 4500 =001 INLIS000000000008188 =005 20130612100106 =008 ***********************************Ind** =035 ##$$0010-061300000008188 =041 ##$$a Ind =082 ##$$a 813 =090 ##$$a 813, Muh s =100 ##$$a Muhyi, Jazimah =245 ##$$a Stesa putik, Jazimah Al-Muhyi =260 ##$$a 2002 $b Bandung =300 ##$$a 123 hlm, ilus, 16 cm =650 ##$$a Fiksi Indonesia